Apartment Building Logic Puzzle Quiz Stats

 Plays Quiz Updated May 7, 2018

Challenge
Share
Tweet
Score 0/25 Timer 20:00
2 Plays Today
Person Answer % Correct



Adam ♂


???
100%



Milo ♂


???
99.2%



Gina ♀


???
62.4%



Omar ♂


???
54.2%



Quentin ♂


???
46.6%



Joseph ♂


???
43.7%



Emily ♀


???
41.9%



Carrie ♀


???
34.6%



Tanya ♀


???
30.4%



Imogen ♀


???
28.2%



Felix ♂


???
28.2%



Luther ♂


???
27.3%



Heather ♀


???
26.1%
Person Answer % Correct



Diego ♂


???
25.1%



Bryce ♂


???
23.6%



Penny ♀


???
23.4%



Xavier ♂


???
21.2%



Kara ♀


???
21.2%



Yvonne ♀


???
19.4%



Neal ♂


???
19.3%



Ulysses ♂


???
16.9%



Victoria ♀


???
12.8%



Ruth ♀


???
12.4%



Stuart ♂


???
9.9%



Will ♂


???
9.7%

You're not logged in!

Compare scores with friends on all Sporcle quizzes.
Join for Free
OR
Log In

You Might Also Like...

Show Comments

Extras

Top Quizzes Today


Score Distribution

Your Account Isn't Verified!

In order to create a playlist on Sporcle, you need to verify the email address you used during registration. Go to your Sporcle Settings to finish the process.

Report this User

Report this user for behavior that violates our Community Guidelines.

Details: